000
00264nam a22000977a 4500
999
_c
10959
_d
10959
008
180702b ||||| |||| 00| 0 eng d
020
_a
31900139616
100
_a
Verlag, Max Huber
_9
3964
245
_a
Lernziel Deutsch
_b
Deutsch als fremdsprache
260
_a
German
_c
1998